ბათუმის შოთა რუსთაველის სახელმწიფო უნივერსიტეტის ბიბლიოთეკა

ახლობელი და შორეული (ბიბ.ჩანაწერი № 42321)

000 -LEADER
fixed length control field 00892nam a2200229Ia 4500
001 - CONTROL NUMBER
control field 9016
003 - CONTROL NUMBER IDENTIFIER
control field GE_BSU
008 - FIXED-LENGTH DATA ELEMENTS--GENERAL INFORMATION
fixed length control field 181216s||||||||xx |||||||||||||| ||und||
040 ## - CATALOGING SOURCE
Transcribing agency GE_BSU
080 ## - UNIVERSAL DECIMAL CLASSIFICATION NUMBER
Universal Decimal Classification number 821.353.1–32+821.353.1-31
100 ## - MAIN ENTRY--PERSONAL NAME
Personal name კლდიაშვილი,სერგო
245 ## - TITLE STATEMENT
Title ახლობელი და შორეული
245 ## - TITLE STATEMENT
Remainder of title მოთხრობები. რომანი. მოგონებანი
245 ## - TITLE STATEMENT
Statement of responsibility, etc. რედ.ნ.ჟღენტი.მხატვ.გ.მდინარაძე
260 ## - PUBLICATION, DISTRIBUTION, ETC.
Place of publication, distribution, etc. თბილისი
260 ## - PUBLICATION, DISTRIBUTION, ETC.
Name of publisher, distributor, etc. საბჭოთა საქართველო
260 ## - PUBLICATION, DISTRIBUTION, ETC.
Date of publication, distribution, etc. 1964
300 ## - PHYSICAL DESCRIPTION
Extent 445გვ.20სმ.
653 ## - INDEX TERM--UNCONTROLLED
Uncontrolled term ახლობელი და შორეული
653 ## - INDEX TERM--UNCONTROLLED
Uncontrolled term მოთხრობები. რომანი. მოგონებანი
942 ## - ADDED ENTRY ELEMENTS (KOHA)
Koha item type წიგნი
ეგზემპლარები
Withdrawn status Lost status Damaged status Not for loan Date acquired Barcode Date last seen Price effective from Koha item type Public note
        2018-12-17 31601 2018-12-17 2018-12-17 წიგნი  
        2018-12-17 31602 2018-12-17 2018-12-17 წიგნი  
        2018-12-17 41413 2018-12-17 2018-12-17 წიგნი აგრარული ტექ.ფაკ.